- Matute, Álvaro,
Entry Nombre Personal
001 - NUMERO DE CONTROL
- campo de control: 29190
003 - IDENTIFICADOR DE NUMERO DE CONTROL
- campo de control: DLC
005 - FECHA Y HORA DE LA ÜLTIMA TRANSACCIÓN
- campo de control: 20230302132809.0
008 - DATOS DE LONGITUD FIJA
- campo de control de longitud fija: 230302n| azannaabn |a aaa
010 ## - NÚMERO DE CONTROL DE LA BIBLIOTECA DEL CONGRESO
- Número de control LC: n 81131564
035 ## - NUMERO DE CONTROL
- Número de control: (OCoLC)oca00676440
040 ## - FUENTE DE CATALOGACIÓN
- Agencia original de catalogación: DLC
- Lenguaje de catalogación: spa
- Description conventions: rda
- Agencia de transcripción: DLC
- Agencia que lo modifica: DLC
- Agencia que lo modifica: Uk
- Agencia que lo modifica: NIC
- Agencia que lo modifica: OCoLC
- Agencia que lo modifica: DLC
- Agencia que lo modifica: MXMxUNAM
- Agencia que lo modifica: MX-MxUPN
046 ## - FECHAS CON CODIFICACIÓN ESPECIAL
- Fuente del formato de fecha: edtf
- Fecha de nacimiento: 1943-04-19
- Fecha de muerte: 2017-09-12
- Identificador Uniforme del Recurso (URI): https://es.wikipedia.org/wiki/%C3%81lvaro_Matute_Aguirre
100 1# - ENCABEZAMIENTO - NOMBRE PERSONAL
- Nombre personal: Matute, Álvaro,
- Fechas asociadas con el nombre: 1943-2017
370 ## - LUGAR ASOCIADO
- Place of birth: Ciudad de México
- Associated country: México
372 ## - CAMPO DE ACTIVIDAD
- Field of activity: Historiografía
- Field of activity: México -- Historia
373 ## - GRUPO ASOCIADO
- Associated group: Universidad Nacional Autónoma de México. Instituto de Investigaciones Históricas
- Associated group: Universidad Nacional Autónoma de México. Facultad de Filosofía y Letras
- Associated group: Sistema Nacional de Investigadores (México)
374 ## - OCUPACIÓN
- Occupation: Investigador
- Occupation: Profesor universitario
375 ## - GÉNERO
- Gender: masculino
377 ## - LENGUA ASOCIADA
- Language code: spa
400 1# - VEÁSE - NOMBRE DE PERSONA
- Personal name: Aguirre, Álvaro Matute,
- Dates associated with a name: 1943-2017
400 1# - VEÁSE - NOMBRE DE PERSONA
- Personal name: Matute Aguirre, Álvaro,
- Dates associated with a name: 1943-2017
670 ## - FUENTE EN LA QUE SE LOCALIZARON DATOS
- Cita de la fuente: Author's México en el siglo XIX, 1972.
670 ## - FUENTE EN LA QUE SE LOCALIZARON DATOS
- Cita de la fuente: Pensamiento historiográfico mexicano del siglo XX, 1999:
- Información localizada: portada (Álvaro Matute Aguirre) página 4 de la cubierta (Álvaro Matute; n. 1943 in Mexico City)
670 ## - FUENTE EN LA QUE SE LOCALIZARON DATOS
- Cita de la fuente: Information from 678 converted Dec. 15, 2014
- Información localizada: (Researcher at Instituto de Investigaciones Históricas; Prof. at Facultad de Filosofía y Letras de la Universidad Nacional Autónoma de México)
670 ## - FUENTE EN LA QUE SE LOCALIZARON DATOS
- Cita de la fuente: Instituto de Investigaciones Históricas, UNAM, 6 noviembre 2008:
- Información localizada: directorio (Investigador emérito; Doctor en Historia, Facultad de Filosofía y Letras, UNAM; Integrante de la Junta de Gobierno, UNAM ; Profesor de las asignaturas: Historiografía de México (licenciatura en Historia, Facultad de Filosofía y Letras, UNAM), Seminario Teoría de la Historia y Metodología del Análisis Historiográfico (maestría en Historia, UNAM)
- Uniform Resource Identifier: http://www.iih.unam.mx/index.html
670 ## - FUENTE EN LA QUE SE LOCALIZARON DATOS
- Cita de la fuente: Biblioteca del Congreso (Estados Unidos), 6 noviembre 2008:
- Información localizada: catálogo electrónico (encabezamiento: Matute, Alvaro; Matute Aguirre, Alvaro)
670 ## - FUENTE EN LA QUE SE LOCALIZARON DATOS
- Cita de la fuente: Instituto de Investigaciones Históricas, sitio web, 08 febrero 2017:
- Información localizada: (Álvaro Matute Aguirre; Investigador emérito; matute@unam.mx; Investigador Nacional Emérito)
- Uniform Resource Identifier: http://www.historicas.unam.mx/investigacion/matute.html
902 ## - CATALOGADOR
- Catalogador: NDAF/020323
